000 01816nam a22002777a 4500
003 DO-SlITS
005 20260207064115.0
007 ta
008 260204b20242026RD adklfri||||||1|||spa|d
040 _aDO-SlITS
_bspa
_cDO-SlITS
_drda
041 _aspa
082 _aPF-658.827 R696r 2024 e.1
_223
100 _922310
_aRodríguez Cedano, Carolin,
_d2020-1532
_eSustentante
245 _aRediseño de la marca Juvena y sus envases para la empresa QUEALA dominicana. /
_cCarolin Rodriguez Cedano; Jenipher Tejada Encarnación; Michelle Alcántara Tapia [Docente Asesor: Leocadia Báez]
264 _aSanto Domingo Este, República Dominicana :
_bInstituto Técnico Superior Comunitario (ITSC). Vicerrectoría Académica. Área de Artes ;
_c2024.
300 _a45 hojas :
_bilustraciones, gráficas, fotografía ;
_c28 x 22 cm.
336 _atexto
_btxt
337 _ainformático
_bc
_2rdamedia
502 _aProyecto final para optar por el título: Técnico Superior en Diseño Gráfico.
_cInstituto Técnico Superior Comunitario (ITSC). Santo Domingo Este, República Dominicana,
_d2024.
504 _aContiene referencias bibliográficas hoja: (44)
505 _aTabla de Contenido / Dedicatoria. / Agradecimientos. / Introducción / Delimitación del Tema de Investigación / Planteamiento del Problema / Justificación / Objetivos. / Objetivos Específicos. / Marco Conceptual / Marco Contextual / Historia. / Identidad Visual / Análisis FODA / Desarrollo de la Propuesta / Breaf Creativo. / Rediseño y Nuevo Envase / Materiales promocionales. / Conclusiones. / Referencias.
700 _922311
_a Tejada Encarnación, Jenipher,
_d2020-0425
_eSustentante
700 _922312
_aAlcántara Tapia, Michelle,
_d2020-1539
_eSustentante
700 1 _aBáez, Leocadia,
_eDocente
_eAsesora
_916659
942 _2ddc
_cPF
999 _c9536
_d9536